Países menos corruptos - Estadísticas

Estadísticas generales
  • Esta prueba ha sido intentada 143 veces
  • La puntuación promedio es 10 de 15
Estadísticas de respuestas
Continente País % Correcto
Europa Noruega
91%
Europa Suecia
91%
Europa Finlandia
89%
Europa Suiza
81%
Europa Dinamarca
80%
Oceanía Australia
79%
América del Norte Canadá
78%
Europa Alemania
68%
Oceanía Nueva Zelanda
68%
Europa Luxemburgo
65%
Europa Austria
59%
Europa Países Bajos
57%
Europa Bélgica
54%
Asia Singapur
43%
Europa Reino Unido
30%
No se encontraron pruebas coincidentes
Distribución de puntuación
Porcentaje de gente con cada puntuación
Porcentaje por número respondido
Historial de tus puntuaciones
No has intentado esta prueba.